000
00425nam a2200169Ia 4500
008
090711s9999 xx 000 0 und d
082
_b
71182
100
_a
तिबिले अनंत
245
_a
सावज
260
_c
1990
300
_a
228
600
_a
तिबिले अनंत
630
_a
सावज
700
_a
तिबिले अनंत
730
_a
सावज
942
_c
BOOK
999
_c
304077
_d
304077